书目信息 |
| 题名: |
中国居民收入分配研究
|
|
| 作者: | 李实 , 史泰丽 , 古斯塔夫森 主编 | |
| 分册: | Ⅲ | |
| 出版信息: | 北京 北京师范大学出版社 2008.03 |
|
| 页数: | 498页 | |
| 开本: | 24cm | |
| 丛书名: | 当代中国劳动经济研究丛书 | |
| 单 册: | ||
| 中图分类: | F126.2 | |
| 科图分类: | ||
| 主题词: | 居民收入--收入分配--研究--中国 | |
| 电子资源: | ||
| ISBN: | 978-7-303-09108-9 | |
| 000 | 01071oam2 2200289 450 | |
| 001 | 012008059151 | |
| 005 | 20091221090429.85 | |
| 010 | @a978-7-303-09108-9@dCNY66.00 | |
| 100 | @a20080814d2008 em y0chiy0110 ea | |
| 101 | 1 | @achi |
| 102 | @aCN@b110000 | |
| 105 | @aa z 000yy | |
| 106 | @ar | |
| 200 | 1 | @a中国居民收入分配研究@9zhong guo ju min shou ru fen pei yan jiu@hⅢ@f李实,史泰丽,别雍·古斯塔夫森主编 |
| 210 | @a北京@c北京师范大学出版社@d2008.03 | |
| 215 | @a498页@c图@d24cm | |
| 225 | 2 | @a当代中国劳动经济研究丛书 |
| 330 | @a本书分为十五章,内容包括中国居民收入增长与分配、中国个人收入差距及其变动的分析、中国收入不平等及其地区差异、中国城乡之间收入差距分析等。 | |
| 461 | 0 | @12001 @a当代中国劳动经济研究丛书 |
| 510 | 1 | @aResearch on income diatribution in China@hⅢ@zeng |
| 606 | 0 | @a居民收入@x收入分配@x研究@y中国 |
| 690 | @aF126.2@v4 | |
| 701 | 0 | @a李实@9li shi@4主编 |
| 701 | 0 | @a史泰丽@9shi tai li@4主编 |
| 701 | 1 | @a古斯塔夫森@9gu si ta fu sen@b别雍@4主编 |
| 801 | 0 | @aCN@bRENTIAN@c20091221 |
| 905 | @b20797830-35@dF126.2@e136:3@f6 | |
| 中国居民收入分配研究.Ⅲ/李实,史泰丽,别雍·古斯塔夫森主编.-北京:北京师范大学出版社,2008.03 |
| 498页:图;24cm.-(当代中国劳动经济研究丛书) |
| ISBN 978-7-303-09108-9:CNY66.00 |
| 本书分为十五章,内容包括中国居民收入增长与分配、中国个人收入差距及其变动的分析、中国收入不平等及其地区差异、中国城乡之间收入差距分析等。 |
| ● |
| 相关链接 |
|
|
|
|
正题名:中国居民收入分配研究
索取号:F126.2/136:3
 
预约/预借
| 序号 | 登录号 | 条形码 | 馆藏地/架位号 | 状态 | 备注 |
| 1 | 797830 | 207978303 | 第一样本阅览室/ [索取号:F126.2/136:3] | 在馆 | |
| 2 | 797831 | 207978312 | 第一借阅区/ [索取号:F126.2/136:3] | 在馆 | |
| 3 | 797832 | 207978321 | 第一借阅区/ [索取号:F126.2/136:3] | 在馆 | |
| 4 | 797833 | 207978330 | 第一借阅区/ [索取号:F126.2/136:3] | 在馆 | |
| 5 | 797834 | 207978349 | 第一借阅区/ [索取号:F126.2/136:3] | 在馆 | |
| 6 | 797835 | 207978358 | 第一借阅区/ [索取号:F126.2/136:3] | 在馆 |